Baseball Retired Numbers Baltimore Orioles - Statistics

General Stats
  • This quiz has been taken 114 times
  • The average score is 6 of 7
Answer Stats
# Player % Correct
5 Brooks Robinson
98%
20 Frank Robinson
98%
42 Jackie Robinson
98%
8 Cal Ripken Jr.
96%
22 Jim Palmer
91%
33 Eddie Murray
86%
4 Earl Weaver
67%
No matching quizzes found
Score Distribution
Percent of People with Each Score
Percentile by Number Answered
Your Score History
You have not taken this quiz